Three-Named Entertainers by Initials Quiz Stats

 Plays Quiz Updated Jan 13, 2018

Score 0/20 Timer 05:00
3 Plays Today
% Correct
SJP
91.6%
BRC
86%
NPH
81.6%
HJO
77.4%
ALW
70.1%
HBC
67.6%
MTM
67.3%
JTT
66.5%
TLJ
66.2%
DLR
62.6%
% Correct
SJR
61.4%
DHP
59.7%
BDW
55.4%
JJL
55.1%
RDA
47.2%
FFJ
46%
MUZ
44.3%
CNR
39.7%
TTD
38.8%
PMT
35%

You're not logged in!

Compare scores with friends on all Sporcle quizzes.
OR
Log In

Sporcle TV

Today on Sporcle TV


Watch our educational content, quiz creation guides, and fun videos on Sporcle TV.

Show Comments

Extras

Top Quizzes Today


Score Distribution

Your Account Isn't Verified!

In order to create a playlist on Sporcle, you need to verify the email address you used during registration. Go to your Sporcle Settings to finish the process.

Report this User

Report this user for behavior that violates our Community Guidelines.

Details: